00482nam a22001457a 450000500170000000800410001702000150005804100130007308200110008610000500009724500970014726000350024430000310027965000260031020231107072219.0231107b |||||||| |||| 00| 0 eng d a0409060593 aEnglish  a346.43 aVan Rensburg, ADJ and Treisman, SH lEnglish  aThe Practitioner's Guide to the Alienation of Land Act / cADJ Van Rensburg and SH Treisman  aDurban :bButterworths, c1982 bxix, 332 pages ; c22 cm.  aLegal practice bLaw